Score 0/18 Timer 03:00
0 Plays Today
Comic Book Movie Missing Word % Correct
Iron ___Man
97.4%
The ____ Knight RisesDark
97.2%
Batman and _____Robin
96.9%
_____ LanternGreen
94.8%
Man of _____Steel
90.4%
____-AssKick
85.2%
Ghost _____Rider
84%
X-Men: First _____Class
79.4%
_____ DreddJudge
79%
Comic Book Movie Missing Word % Correct
Captain America: The First _______Avenger
70%
___ CitySin
69.5%
Thor: The Dark _____World
59.4%
A _______ of ViolenceHistory
49.1%
Road to _________Perdition
47.4%
Jonah ___Hex
45.6%
Tank ____Girl
39.8%
Superman IV: The Quest for _____Peace
37.3%
________ SplendorAmerican
24.9%

Today's Daily Dose

Missing Word
I Hardly Know Her!

Word Ladder
Sentence Ending

Quick Pick
Female Firsts

Get the Picture
Triathlon Sports

Remove Ads.
Support Sporcle.
Get the best of Sporcle when you Go Orange. This ad-free experience offers more features, more stats, and more fun while also helping to support Sporcle. Thank you for becoming a member.

You're not logged in!

Compare scores with friends on all Sporcle quizzes.
OR
Log In

Show Comments

Extras

Top Quizzes Today


Score Distribution

Your Account Isn't Verified!

In order to create a playlist on Sporcle, you need to verify the email address you used during registration. Go to your Sporcle Settings to finish the process.

Report this User

Report this user for behavior that violates our Community Guidelines.

Details: